[Event "Main Vogelsberg op 8th"]
[Site "Hanau"]
[Date "2013.06.02"]
[Round "7"]
[White "Nimbler, Erhard"]
[Black "Lueders, Christian"]
[Result "1-0"]
[WhiteElo "1583"]
[BlackElo "1355"]
[PlyCount "63"]
[EventDate "2013.05.30"]
[EventType "swiss"]
[EventRounds "7"]
[EventCountry "GER"]
[SourceTitle "EXT 2014"]
[Source "ChessBase"]
[SourceDate "2013.11.20"]
[SourceVersion "1"]
[SourceVersionDate "2013.11.20"]
[SourceQuality "1"]

1. c4 Nf6 2. Nc3 g6 3. g3 Bg7 4. Bg2 0-0 5. d4 d6 6. e3 Nbd7 7. Nge2 e5 8. 0-0 Re8 9. b3 e4 10. Bb2 c6 11. Nf4 Nb6 12. d5 Bg4 13. Qc2 Bf3 14. Bxf3 exf3 15. Qd1 Ne4 16. Na4 Bxb2 17. Nxb2 g5 18. Nh5 g4 19. Qd4 Qg5 20. Nf4 c5 21. Qd3 Nd7 22. Nd1 Ne5 23. Qxe4 Ng6 24. Qd3 h5 25. Nc3 h4 26. Ne4 Nxf4 27. exf4 Qg6 28. Rfe1 Re7 29. Re3 Rae8 30. Rae1 hxg3 31. fxg3 Qh7 32. Nf6+ 1-0

[Event "Main Vogelsberg op 8th"]
[Site "Hanau"]
[Date "2013.06.01"]
[Round "5"]
[White "Nimbler, Erhard"]
[Black "Zimmermann, Alfons"]
[Result "1/2-1/2"]
[WhiteElo "1583"]
[BlackElo "1340"]
[PlyCount "61"]
[EventDate "2013.05.30"]
[EventType "swiss"]
[EventRounds "7"]
[EventCountry "GER"]
[SourceTitle "EXT 2014"]
[Source "ChessBase"]
[SourceDate "2013.11.20"]
[SourceVersion "1"]
[SourceVersionDate "2013.11.20"]
[SourceQuality "1"]

1. c4 Nf6 2. Nc3 c6 3. Nf3 d5 4. cxd5 Nxd5 5. g3 Bg4 6. Bg2 Bxf3 7. Bxf3 Nxc3 8. bxc3 e6 9. Qb3 b6 10. 0-0 Be7 11. d4 0-0 12. Bb2 Qc7 13. c4 Nd7 14. e4 e5 15. Rad1 c5 16. d5 Bd6 17. Bg2 Rad8 18. Bc1 Rfe8 19. f4 f6 20. Bh3 Nf8 21. Qd3 Kh8 22. fxe5 Bxe5 23. Bf4 Ng6 24. Bxe5 Nxe5 25. Qe2 Rd6 26. Be6 Qe7 27. Rf4 g5 28. Rf5 Rf8 29. Qf1 Qg7 30. Ra1 Qh6 31. Qe2 1/2-1/2

[Event "Main Vogelsberg op 6th"]
[Site "Hanau"]
[Date "2011.06.02"]
[Round "2"]
[White "Nimbler, Erhard"]
[Black "Peschk, Kathrin"]
[Result "1-0"]
[WhiteElo "1588"]
[BlackElo "917"]
[PlyCount "75"]
[EventDate "2011.06.02"]
[EventType "swiss"]
[EventRounds "7"]
[EventCountry "GER"]
[SourceTitle "CBM 142 Extra"]
[Source "ChessBase"]
[SourceDate "2011.06.27"]
[SourceVersion "1"]
[SourceVersionDate "2011.06.27"]
[SourceQuality "1"]

1. c4 e5 2. Nc3 Nf6 3. g3 Bc5 4. Bg2 d6 5. d3 0-0 6. a3 a5 7. Bg5 c6 8. Ne4 Nbd7 9. Bxf6 Nxf6 10. Nxc5 dxc5 11. Nf3 Bf5 12. Nxe5 Qd4 13. Nf3 Qxb2 14. 0-0 Qb6 15. Qc1 Qc7 16. Qg5 h6 17. Qxf5 Qe7 18. e4 Rad8 19. e5 Ne8 20. Rfd1 Nc7 21. Rab1 b5 22. Qe4 Qe8 23. Nh4 Ne6 24. Qxc6 Qxc6 25. Bxc6 b4 26. axb4 axb4 27. Nf5 Rb8 28. Ne7+ Kh8 29. Bd5 Nd4 30. Nc6 Nxc6 31. Bxc6 Rb6 32. Bd5 Kg8 33. d4 cxd4 34. Rxd4 b3 35. c5 Rb5 36. c6 Rc5 37. Rxb3 Rd8 38. Bxf7+ 1-0

[Event "Main Vogelsberg op 5th"]
[Site "Hanau"]
[Date "2010.05.02"]
[Round "7"]
[White "Traut, Stefan"]
[Black "Nimbler, Erhard"]
[Result "1/2-1/2"]
[WhiteElo "1825"]
[BlackElo "1572"]
[PlyCount "92"]
[EventDate "2010.04.28"]
[EventType "swiss"]
[EventRounds "7"]
[EventCountry "GER"]
[SourceTitle "CBM 136 Extra"]
[Source "ChessBase"]
[SourceDate "2010.07.02"]
[SourceVersion "2"]
[SourceVersionDate "2010.07.15"]
[SourceQuality "1"]

1. d4 f5 2. Bg5 g6 3. c4 Bg7 4. e3 c5 5. Nc3 cxd4 6. exd4 Nc6 7. Nge2 Nf6 8. g3 0-0 9. Bg2 e5 10. dxe5 Nxe5 11. b3 Qa5 12. Qd2 Kh8 13. 0-0 Nf7 14. Rad1 Nxg5 15. Qxg5 Qb4 16. Qd2 a5 17. Qd6 Ra6 18. Qxb4 axb4 19. Na4 d6 20. Nc1 Ne4 21. Bxe4 fxe4 22. Rfe1 Bd7 23. Rxe4 Bxa4 24. bxa4 Rxa4 25. Rxd6 Ra3 26. Rde6 Raf3 27. Re2 Bd4 28. Re8 Rxe8 29. Rxe8+ Kg7 30. Re2 Kf6 31. Nb3 Rd3 32. Nxd4 Rxd4 33. Rc2 Kf5 34. Kg2 Rd3 35. c5 Rc3 36. Rb2 Rxc5 37. Rxb4 b5 38. Rb2 h5 39. h3 g5 40. Rd2 b4 41. Rd4 Rb5 42. Kf3 Ke5 43. Rc4 Kd5 44. Re4 b3 45. axb3 Rxb3+ 46. Re3 Rb2 1/2-1/2

[Event "Unterfranken-ch HB 60th"]
[Site "Obernau"]
[Date "2009.04.17"]
[Round "8"]
[White "Mauder, Manfred"]
[Black "Nimbler, Erhard"]
[Result "0-1"]
[WhiteElo "1618"]
[BlackElo "1531"]
[PlyCount "98"]
[EventDate "2009.04.13"]
[EventType "swiss"]
[EventRounds "9"]
[EventCountry "GER"]
[SourceTitle "EXT 2015"]
[Source "ChessBase"]
[SourceDate "2014.11.20"]
[SourceVersion "1"]
[SourceVersionDate "2014.11.20"]
[SourceQuality "1"]

1. Nf3 c5 2. c4 Nc6 3. g3 g6 4. Bg2 Bg7 5. 0-0 e6 6. d3 Nge7 7. Na3 a6 8. Rb1 0-0 9. Nc2 Rb8 10. Bd2 b5 11. Bc3 f6 12. b3 b4 13. Bb2 Bb7 14. d4 cxd4 15. Ncxd4 Nxd4 16. Bxd4 Be4 17. Rc1 Nf5 18. Ba1 Bh6 19. e3 Qc7 20. Qe2 a5 21. Nh4 Bxg2 22. Nxf5 Bxf1 23. Nxh6+ Kg7 24. Nf5+ exf5 25. Kxf1 Rbe8 26. Qf3 Re4 27. Bd4 Rfe8 28. Qd1 Qc6 29. Kg1 h5 30. h4 Kh6 31. f3 R4e6 32. Kf2 g5 33. hxg5+ fxg5 34. Qd3 Rf8 35. Rg1 g4 36. Qd1 a4 37. Qe2 axb3 38. axb3 Ra8 39. Rb1 gxf3 40. Qd2 Qe4 41. Rb2 h4 42. gxh4 Rg6 43. Qd1 Rg2+ 44. Kf1 Rxb2 45. Bxb2 Rg8 46. Qd6+ Kh5 47. Bc1 f2 48. Qd1+ Kxh4 49. Qxd7 Rg1+ 0-1

[Event "Unterfranken-ch HB 60th"]
[Site "Obernau"]
[Date "2009.04.16"]
[Round "5"]
[White "Nimbler, Erhard"]
[Black "Gruenewald, Florian"]
[Result "0-1"]
[WhiteElo "1531"]
[BlackElo "1436"]
[PlyCount "60"]
[EventDate "2009.04.13"]
[EventType "swiss"]
[EventRounds "9"]
[EventCountry "GER"]
[SourceTitle "EXT 2015"]
[Source "ChessBase"]
[SourceDate "2014.11.20"]
[SourceVersion "1"]
[SourceVersionDate "2014.11.20"]
[SourceQuality "1"]

1. c4 c5 2. Nc3 Nf6 3. g3 g6 4. Bg2 Nc6 5. Nf3 Bg7 6. 0-0 0-0 7. d4 cxd4 8. Nxd4 Nh5 9. e3 a6 10. a3 e6 11. b4 Nxd4 12. exd4 d6 13. Bb2 Qc7 14. c5 Rb8 15. Rc1 Bd7 16. Ne4 d5 17. Nc3 Nf6 18. a4 h5 19. b5 axb5 20. axb5 Ra8 21. Ra1 Ne4 22. b6 Qc6 23. Nxe4 dxe4 24. Re1 f5 25. f3 Qb5 26. Qc2 Rxa1 27. Rxa1 exf3 28. Bxf3 Bc6 29. Be2 Qb4 30. Bc3 Bxd4+ 0-1

[Event "Unterfranken-ch HB 51th"]
[Site "Sailauf"]
[Date "2000.04.25"]
[Round "2"]
[White "Nimbler, Erhard"]
[Black "Schnabel, Florian"]
[Result "1/2-1/2"]
[WhiteElo "1650"]
[BlackElo "1763"]
[PlyCount "71"]
[EventDate "2000.04.24"]
[EventType "swiss"]
[EventRounds "9"]
[EventCountry "GER"]
[SourceTitle "EXT 2015"]
[Source "ChessBase"]
[SourceDate "2014.11.20"]
[SourceVersion "1"]
[SourceVersionDate "2014.11.20"]
[SourceQuality "1"]

1. c4 e5 2. Nc3 Nf6 3. g3 Bc5 4. Bg2 c6 5. e3 d6 6. Nge2 Bf5 7. d4 exd4 8. exd4 Bb6 9. 0-0 0-0 10. Bg5 Nbd7 11. d5 c5 12. Nb5 Bc7 13. Nxc7 Qxc7 14. Nc3 a6 15. Re1 h6 16. Bf4 Rfe8 17. Qf3 Bg6 18. h3 Rxe1+ 19. Rxe1 Re8 20. Rxe8+ Nxe8 21. Qe2 Ndf6 22. Be4 Bxe4 23. Nxe4 Nxe4 24. Qxe4 Nf6 25. Qf5 Qe7 26. Qc8+ Kh7 27. Qf5+ g6 28. Qc2 Kg7 29. a3 g5 30. Be3 Nd7 31. b4 cxb4 32. axb4 f6 33. c5 Ne5 34. Kg2 Qf7 35. Qd1 Qe7 36. Qd4 1/2-1/2